000 00772nam a2200193Ia 4500
003 GCL
005 20240530103906.0
008 140319s9999 xx 000 0 ara d
040 _aGCL /
_cGCL
082 0 4 _a301.4154/
_bم ب
110 0 _4المركز القومى للبحوث الاجتماعية والجنائية
245 1 0 _aالبغاء فى القاهرة :
_bمسح اجتماعى ودراسة اكلينيكية /
_cالمركز القومى للبحوث الاجتماعية والجنائية
260 _aالقاهرة :
_bالمركز القومى للبحوث الاجتماعية والجنائية،
_c1961.
300 _a270
490 _aكتاب
_v0
650 0 4 _aالبحوث الاجتماعية
650 0 4 _aالبغاء
942 _2ddc
_cBK
999 _c43269
_d43269